Jugadores Venezuela #1 - Estadísticas

Estadísticas generales
  • Esta prueba ha sido intentada 34 veces
  • La puntuación promedio es 11 de 20
Estadísticas de respuestas
Imagen Respuesta % Correcto
Josef Martinez
88%
Rondon
88%
Yangel Herrera
81%
Soteldo
78%
Aramburu
72%
Rincon
72%
Machis
69%
Romo
63%
Savarino
63%
Fariñez
59%
Segovia
59%
Bello
56%
Jhonder Cadiz
53%
Villanueva
44%
Casseres Jr
41%
Osorio
41%
Jan Hurtado
31%
Marques
31%
Moreno
16%
Yriarte
6%
No se encontraron pruebas coincidentes
Distribución de puntuación
Porcentaje de gente con cada puntuación
Porcentaje por número respondido
Historial de tus puntuaciones
No has intentado esta prueba.